000 00695 a2200205 4500
001 216222722
003 UA-OsUOA
005 20220912151059.0
008 220825b un ||||| |||| 00| 0 ukr d
040 _aUA-OsUOA
_bukr
_cUA-OsUOA
_dUA-OsUOA
041 _aukr
080 _a050
090 _a050
_bК17
245 _aКалендар-альманах "Українського Голосу" на звичайний рік
_n1962; 1974;
260 _aВінніпег
650 _2UDC
_a050 Періодика
942 _cMG
_2udc
955 _a0
999 _c573025
_d573025